000 00714 a2200169 4500
003 Nust
005 20230526100533.0
040 _cNust
082 _a808.81, HAM
100 _aHamilton,helen
_9112667
245 _aNAPOO
_cHelen hamilton
260 _aLondon
_bOxford b H
300 _a98:p
505 _aThe Ghouls (Page-1), Prudes in a fright The Super – Patriot (Page-17), The knowing Watch –Dog (Page-27), The Grouser (Page-42), The Kill-Joys (Page-49), The Writer of patriotic Ad (Page-56) The Old Man Rampant (Page-56), Lord Feather nest (Page-73), Rum our The Dawdlers (Page-86), The Jingo Woman (Page- 92), The Wiseacre (Page-98), The Scold (Page-101).
650 _aShort Story
942 _2ddc
_cBK
999 _c186829
_d186829